<?xml version="1.0" encoding="UTF-8"?>
<record
    xmlns:xsi="http://www.w3.org/2001/XMLSchema-instance"
    xsi:schemaLocation="http://www.loc.gov/MARC21/slim http://www.loc.gov/standards/marcxml/schema/MARC21slim.xsd"
    xmlns="http://www.loc.gov/MARC21/slim">

  <leader>00979nam a22002897i 4500</leader>
  <controlfield tag="003">CO-BoRNBP</controlfield>
  <controlfield tag="005">20240722163502.0</controlfield>
  <controlfield tag="007">ta</controlfield>
  <controlfield tag="008">240722b19992001de a|||| |||| 00| 0 de  d</controlfield>
  <datafield tag="020" ind1=" " ind2=" ">
    <subfield code="a">9789681663179</subfield>
  </datafield>
  <datafield tag="040" ind1=" " ind2=" ">
    <subfield code="a">CO-BoRNBP</subfield>
    <subfield code="b">Spa</subfield>
    <subfield code="c">CO-BoRNBP</subfield>
    <subfield code="d">rda</subfield>
  </datafield>
  <datafield tag="041" ind1="1" ind2=" ">
    <subfield code="a">espa&#xF1;ol</subfield>
    <subfield code="h">franc&#xE9;s</subfield>
  </datafield>
  <datafield tag="084" ind1=" " ind2=" ">
    <subfield code="a">C ANO</subfield>
  </datafield>
  <datafield tag="100" ind1=" " ind2=" ">
    <subfield code="a">Anouk, Ricard</subfield>
    <subfield code="e">autor</subfield>
    <subfield code="9">41669</subfield>
  </datafield>
  <datafield tag="245" ind1="1" ind2="4">
    <subfield code="a">Las aventuras de Pafy</subfield>
    <subfield code="c">autor Ricard Anouk; traductor, Diana Luz S&#xE1;nchez</subfield>
  </datafield>
  <datafield tag="250" ind1=" " ind2=" ">
    <subfield code="a">Primera edici&#xF3;n </subfield>
  </datafield>
  <datafield tag="264" ind1=" " ind2="1">
    <subfield code="a">M&#xE9;xico</subfield>
    <subfield code="b">Fondo de cultura econ&#xF3;mica M&#xE9;xico</subfield>
    <subfield code="c">2001</subfield>
  </datafield>
  <datafield tag="264" ind1=" " ind2="4">
    <subfield code="a">M&#xE9;xico</subfield>
    <subfield code="b">Fondo de Cultura Econ&#xF3;mica M&#xE9;xico</subfield>
    <subfield code="c">2001</subfield>
  </datafield>
  <datafield tag="300" ind1=" " ind2=" ">
    <subfield code="a">45 p&#xE1;ginas</subfield>
    <subfield code="b">ilustraciones a color </subfield>
    <subfield code="c">Alto 18 cm X 18 cm de ancho</subfield>
  </datafield>
  <datafield tag="336" ind1=" " ind2=" ">
    <subfield code="2">rdacontent</subfield>
    <subfield code="a">texto</subfield>
    <subfield code="b">txt</subfield>
  </datafield>
  <datafield tag="337" ind1=" " ind2=" ">
    <subfield code="2">rdamedia</subfield>
    <subfield code="a">sin mediaci&#xF3;n</subfield>
    <subfield code="b">n</subfield>
  </datafield>
  <datafield tag="338" ind1=" " ind2=" ">
    <subfield code="2">rdacarrier</subfield>
    <subfield code="a">volumen</subfield>
    <subfield code="b">nc</subfield>
  </datafield>
  <datafield tag="650" ind1="1" ind2="7">
    <subfield code="2">ARMAR</subfield>
    <subfield code="a">Cuento infantil</subfield>
    <subfield code="9">16411</subfield>
  </datafield>
  <datafield tag="650" ind1="1" ind2="7">
    <subfield code="2">ARMARC</subfield>
    <subfield code="a">suspenso</subfield>
    <subfield code="9">41670</subfield>
  </datafield>
  <datafield tag="650" ind1="1" ind2="7">
    <subfield code="2">ARMARC</subfield>
    <subfield code="a">&#xA1;un rat&#xF3;n ergon&#xF3;mico!</subfield>
    <subfield code="9">41671</subfield>
  </datafield>
  <datafield tag="942" ind1=" " ind2=" ">
    <subfield code="2">ddc</subfield>
    <subfield code="c">BK</subfield>
  </datafield>
  <datafield tag="999" ind1=" " ind2=" ">
    <subfield code="c">38201</subfield>
    <subfield code="d">38201</subfield>
  </datafield>
  <datafield tag="952" ind1=" " ind2=" ">
    <subfield code="0">0</subfield>
    <subfield code="1">0</subfield>
    <subfield code="2">ddc</subfield>
    <subfield code="4">0</subfield>
    <subfield code="7">0</subfield>
    <subfield code="8">INF</subfield>
    <subfield code="a">MEGUAMAL</subfield>
    <subfield code="b">MEGUAMAL</subfield>
    <subfield code="c">SInf</subfield>
    <subfield code="d">2024-07-22</subfield>
    <subfield code="l">0</subfield>
    <subfield code="o">C ANO</subfield>
    <subfield code="p">GUA003923</subfield>
    <subfield code="r">2024-07-22 16:36:29</subfield>
    <subfield code="t">Ej.1</subfield>
    <subfield code="w">2024-07-22</subfield>
    <subfield code="y">BKINF</subfield>
  </datafield>
  <datafield tag="952" ind1=" " ind2=" ">
    <subfield code="0">0</subfield>
    <subfield code="1">0</subfield>
    <subfield code="4">0</subfield>
    <subfield code="7">0</subfield>
    <subfield code="8">InfPoTi</subfield>
    <subfield code="a">MEVIGERR</subfield>
    <subfield code="b">MEVIGERR</subfield>
    <subfield code="c">SInf</subfield>
    <subfield code="d">2010-02-03</subfield>
    <subfield code="o">C RIC3</subfield>
    <subfield code="p">ECA19072</subfield>
    <subfield code="r">2024-11-25 15:06:26</subfield>
    <subfield code="t">Ej.1</subfield>
    <subfield code="w">2024-11-25</subfield>
    <subfield code="y">BK</subfield>
    <subfield code="z">14097 | 18585</subfield>
  </datafield>
  <datafield tag="952" ind1=" " ind2=" ">
    <subfield code="0">0</subfield>
    <subfield code="1">0</subfield>
    <subfield code="2">ddc</subfield>
    <subfield code="4">0</subfield>
    <subfield code="7">0</subfield>
    <subfield code="8">INF</subfield>
    <subfield code="a">MEMESETA</subfield>
    <subfield code="b">MEMESETA</subfield>
    <subfield code="c">SInf</subfield>
    <subfield code="d">2026-02-07</subfield>
    <subfield code="l">0</subfield>
    <subfield code="o">C RIC1</subfield>
    <subfield code="p">9789681663179</subfield>
    <subfield code="r">2025-02-18 15:11:26</subfield>
    <subfield code="t">Ej.1</subfield>
    <subfield code="w">2025-02-18</subfield>
    <subfield code="y">BK</subfield>
  </datafield>
</record>
